000 01081nac a22003377a 4500
001 BR7705536
003 BR-BrBNA
005 20240105114146.0
008 230509b bl.|||m| |||| 00| 0 por d
040 _aBR-BrBNA
_bpor
_cBiblioteca Nacional de Agricultura
072 _aE70
090 _a9120 BR7705536
110 1 _aMinisterio das Relacoes Exteriores, Brasilia, DF (Brasil). Div. de Estudos e Pesquisas de Mercado;
110 1 _aInstituto de Planejamento Economico e Social, Brasilia, DF (Brasil)
_96238
245 1 _aArabia Saudita: Conservas e sucos de frutas [comercio exterior, Brasil]
260 3 _aBrasilia, DF (Brasil):
_c1977.
300 _a54 p.
490 _aMercados para o Brasil. Estudos Especiais (Brazil)
_vno. 30
_x
650 _aCONSERVA
650 _aSUCO
650 _aFRUTA
650 _aMERCADO INTERNACIONAL
650 _aIMPORTACAO
650 _aEXPORTACAO
650 _aTRANSPORTE
650 _aTARIFA
650 _aPRECO
650 _aARABIA SAUDITA
909 _a202312
_bLúcia Elande
_c55
_dLúcia Elande
942 _2AGRIS
_n0
_cMS
999 _c267714
_d267714